| 000 | 00728nam a2200193 a 4500 | ||
|---|---|---|---|
| 005 | 20241129063741.0 | ||
| 008 | 040519s2003 mx r 000 0 spa d | ||
| 020 | _a9706690611 | ||
| 035 | _aUPN01000133905 | ||
| 049 | _aCG | ||
| 050 | 4 |
_aHF1482.5 E6 _bR5.7 |
|
| 100 | 1 | _aRiguzzi, Paolo | |
| 245 | 1 | 1 |
_a¿Reciprocidad imposible? : _bla política del comercio entre México y Estados Unidos, 1857-1938 / _cPaolo Riguzzi. |
| 260 |
_aZinacantepec, Edo. de Méx. : _bEl Colegio Mexiquense : _bInstituto Mora, _c2003. |
||
| 300 |
_a437 p. : _bcuadros |
||
| 651 | 4 |
_aMéxico _xRelaciones económicas extranjeras _zEstados Unidos _919642 |
|
| 651 | 4 |
_aEstados Unidos _xRelaciones económicas extranjeras _zMéxico _96207 |
|
| 905 | _aLibro | ||
| 999 |
_c106056 _d106056 |
||